000 00685cam a2200205 a 4500
001 4908304
005 20260429074517.0
008 941019s1995 ii b 000 0 eng
010 _a 94042502
020 _a0803992106 hb
082 _a327.09
245 0 0 _aInterpreting world politics :
_bessays for A.P. Rana /
_cedited by Kanti P. Bajpai, Harish C. Shukul.
260 _aThousand Oaks, Calif. :
_bSage Publications,
_cc1995.
300 _a412 p. ;
_c23 cm.
365 _bRs.395
650 0 _aWorld politics
_y1945-1989.
650 0 _aInternational relations.
856 4 1 _3Table of contents
_uhttp://www.loc.gov/catdir/enhancements/fy0657/94042502-t.html
942 _2ddc
_cBK
999 _c10420
_d10420